Classic Data Structures_2nd Edition (Record no. 38049)
[ view plain ]
| 000 -LEADER | |
|---|---|
| fixed length control field | 01794nam a22001697a 4500 |
| 020 ## - INTERNATIONAL STANDARD BOOK NUMBER | |
| ISBN | 978-8120337312 |
| 082 ## - DEWEY DECIMAL CLASSIFICATION NUMBER | |
| Classification number | 005.73 SAM |
| 100 ## - MAIN ENTRY--AUTHOR NAME | |
| Personal name | Debasis Samanta |
| 245 ## - TITLE STATEMENT | |
| Title | Classic Data Structures_2nd Edition |
| 250 ## - EDITION STATEMENT | |
| Edition statement | 2 |
| 260 ## - PUBLICATION, DISTRIBUTION, ETC. (IMPRINT) | |
| Name of publisher | PHI Learning |
| Place of publication | New Delhi |
| Year of publication | 2025 |
| 520 ## - SUMMARY, ETC. | |
| Summary, etc | This book is the second edition of a text designed for undergraduate engineering courses in Data Structures. The treatment of the subject matter in this second edition maintains the same general philosophy as in the first edition but with significant additions. These changes are designed to improve the readability and understand ability of all algorithms so that the students acquire a firm grasp of the key concepts. This book provides a complete picture of all important data structures used in modern programming practice. It shows: various ways of representing a data structure; different operations to manage a data structure; and, several applications of a data structure. The algorithms are presented in English-like constructs for ease of comprehension by students, though all of them have been implemented separately in C language to test their correctness. Red-black tree and spray tree are discussed in detail. This title includes a new chapter on Sorting; a new chapter on Searching; and, a new appendix on Analysis of Algorithms for those who may be unfamiliar with the concepts of algorithms. It provides numerous section-wise assignments in each chapter. It also includes exercises-Problems to Ponder-in each chapter to enhance learning. This book is suitable for students of computer science, computer applications, information and communication technology (ICT), and computer science and engineering. |
| 650 ## - SUBJECT ADDED ENTRY--TOPICAL TERM | |
| Topical Term | CSE |
| 942 ## - ADDED ENTRY ELEMENTS (KOHA) | |
| Koha item type | Text Book |
| 952 ## - LOCATION AND ITEM INFORMATION (KOHA) | |
| Damaged status | |
| Not for loan | |
| Withdrawn status | Collection code | Permanent Location | Current Location | Shelving location | Date acquired | Source of acquisition | Cost, normal purchase price | Inventory number | Full call number | Accession Number | Price effective from | Koha item type |
|---|---|---|---|---|---|---|---|---|---|---|---|---|
| Computer Science and Engineering | VAST Central Library | VAST Central Library | S-21/CS | 14/11/2025 | Minerva Books | 995.00 | 86 | 005.73 SAM | 38159 | 01/12/2025 | Text Book |